| 000 | 01499cam a2200397 i 4500 | ||
|---|---|---|---|
| 001 | 19400173 | ||
| 003 | OSt | ||
| 005 | 20230923132712.0 | ||
| 008 | 161207r20182006nyu 001 0 eng | ||
| 010 | _a 2016055050 | ||
| 020 | _a9789353433017 | ||
| 020 | _a9780134689555 (pbk.) | ||
| 020 | _a0134689550 (pbk.) | ||
| 040 |
_aDLC _beng _cDLC _erda _dDLC |
||
| 042 | _apcc | ||
| 050 | 0 | 0 |
_aQA39.3 _b.G66 2018 |
| 082 | 0 | 0 |
_a511.1 _bGOO/D |
| 100 |
_aGoodaire, Edgar G _93772 |
||
| 245 | 1 | 0 |
_aDiscrete mathematics with graph theory / _cEdgar G. Goodaire, Memorial University of Newfoundland, Michael M. Parmenter, Memorial University of Newfoundland. |
| 250 | _aThird edition. | ||
| 264 | 1 |
_aNew York, NY : _bPearson, _cc2018. |
|
| 300 |
_a1 volume (various pagings) ; _c26 cm. |
||
| 336 |
_atext _btxt _2rdacontent |
||
| 337 |
_aunmediated _bn _2rdamedia |
||
| 338 |
_avolume _bnc _2rdacarrier |
||
| 490 | 0 | _aPearson modern classic | |
| 500 | _aOriginally published in 2006, reissued as part of Pearson's modern classic series. | ||
| 500 | _aIncludes index. | ||
| 650 | 0 |
_aMathematics _vTextbooks. |
|
| 650 | 0 |
_aComputer science _xMathematics _vTextbooks. |
|
| 650 | 0 |
_aGraph theory _vTextbooks. |
|
| 700 | 1 | _aParmenter, Michael M. | |
| 906 |
_a7 _bcbc _corignew _d1 _eecip _f20 _gy-gencatlg |
||
| 942 |
_2ddc _cBK _h5111 _iGOO/D _k511.1 _mGOO/D |
||
| 999 |
_c42336 _d42336 |
||